| 000 | 00447pab a2200169 454500 | ||
|---|---|---|---|
| 008 | 180718b1958 xxu||||| |||| 00| 0 eng d | ||
| 100 | _aDutt, R.C. | ||
| 245 | _aHearing and consultation procedure in public administration | ||
| 260 | _c1958 | ||
| 300 | _ap.281-301. | ||
| 362 | _aJul-Sep | ||
| 650 | _aPublic administration | ||
| 650 | _aConsultants | ||
| 773 | _aIndian Journal of Public Administration | ||
| 908 | _aN | ||
| 909 | _a100578 | ||
| 999 |
_c100577 _d100577 |
||